Statistics for All Skylanders Variants

Click here to take the quiz!

General Stats

  • This quiz has been taken 25 times
  • The average score is 40 of 81

Answer Stats

HintAnswer% Correct
SWAP ForceDark Spyro
100%
SSADark Spyro
100%
SSALegendary Bash
100%
SSALegendary Chop Chop
100%
SSALegendary Spyro
100%
SSALegendary Trigger Happy
100%
GiantsLegendary Bouncer
94%
GiantsGnarly Tree Rex
88%
GiantsLegendary Chill
88%
SWAP ForceDark Blast Zone
82%
SWAP ForceDark Stealth Elf
82%
SWAP ForceDark Wash Buckler
82%
GiantsGranite Crusher
82%
SWAP ForceLegendary Free Ranger
82%
GiantsLegendary Slam Bam
82%
SWAP ForceDark Slobbertooth
76%
GiantsJade Flashwing
76%
SWAP ForceLegendary Grim Creeper
76%
SWAP ForceLegendary Night Shift
76%
GiantsLegendary Stealth Elf
76%
SWAP ForceLegendary Zoo Lou
76%
GiantsScarlet Ninjini
76%
SWAP ForceEnchanted Hoot Loop
71%
SWAP ForceEnchanted Star Strike
71%
GiantsLegendary Jet-Vac
71%
GiantsPolar Whirlwind
71%
Trap TeamDark Food Fight
65%
Trap TeamDark Snap Shot
65%
SWAP ForceNitro Freeze Blade
65%
Trap TeamDark Wildfire
59%
SWAP ForceJade Fire Kraken
59%
SWAP ForceJolly Bumble Blast
59%
GiantsLegendary Ignitor
59%
Trap TeamLegendary Jawbreaker
59%
SWAP ForceNitro Magna Charge
59%
GiantsPunch Pop fizz
59%
Trap TeamNitro Head Rush
53%
GiantsRoyal Double Trouble
53%
Trap TeamLegendary Deja Vu
47%
GiantsMolten Hot Dog
47%
SWAP ForceVolcanic Eruptor
47%
ImaginatorsDark Golden Queen
41%
ImaginatorsDark King Pen
41%
Trap TeamGnarly Barkley
41%
Trap TeamLegendary Blades
41%
Trap TeamNitro Krypt King
41%
SuperChargersDark Spitfire
35%
ImaginatorsDark Wolfgang
35%
ImaginatorsLegendary Pit Boss
35%
ImaginatorsLegendary Tri-Tip
35%
ImaginatorsCandy Coated Chopscotch
29%
SWAP ForceKickoff Countdown
29%
Trap TeamKing Cobra Cadabra
29%
Trap TeamLove Potion Pop Fizz
29%
Trap TeamPower Punch Pet Vac
29%
SWAP ForceQuickdraw Rattle Shake
29%
SWAP ForceSpringtime Trigger Happy
29%
SuperChargersDark Hammer Slam Bowser
24%
SuperChargersDark Super Shot Stealth Elf
24%
SuperChargersDark Turbo Charge Donkey Kong
24%
ImaginatorsEgg Bomber Air Strike
24%
Trap TeamEggsellent Weeruptor
24%
ImaginatorsHard Boiled Flare Wolf
24%
ImaginatorsJingle Bell Chompy Mage
24%
SuperChargersLegendary Astroblast
24%
SuperChargersLegendary Bone Bash Roller Brawl
24%
ImaginatorsSteel Plated Hood Sickle
24%
Trap TeamWinterfest Lob-Star
24%
SuperChargersBirthday Bash Big Bubble Pop Fizz
18%
SuperChargersFrightful Fiesta
18%
UnreleasedHeartbreaker Buckshot
18%
ImaginatorsMystical Bad Juju
18%
ImaginatorsMystical Tae Kwon Crow
18%
ImaginatorsSolar Flare Aurora
18%
SuperChargersSteel Plated Smash Hit
18%
SuperChargersLegendary Hurricane Jet-Vac
12%
SuperChargersMissile-Tow Dive-Clops
12%
SuperChargersPower Blue Splat
12%
SuperChargersPower Blue Trigger Happy
12%
SuperChargersEggsited Thrillipede
6%
Trap TeamLegendary Buskwhack
6%

Score Distribution

Percentile by Number Answered

Percent of People with Each Score

Your Score History

You have not taken this quiz